|
|
|
|
| LEADER |
01114cas a2200301 a 4500 |
| 001 |
11437963 |
| 003 |
GR-PaULI |
| 005 |
20231031134346.0 |
| 008 |
930518c20129999itaar p o 0 0eng c |
| 022 |
0 |
|
|a 2037-0245
|l 2037-0245
|
| 040 |
|
|
|a GR-PAULI
|b gre
|c GR-PAULI
|e AACR2
|
| 082 |
0 |
0 |
|a 108
|2 23
|
| 245 |
0 |
0 |
|a Segno e testo :
|b International journal of manuscripts and text trasmission
|
| 260 |
|
|
|a Italy :
|b Fondazione Centro italiano di studi sull'alto Medioevo Spoleto
|
| 300 |
|
|
|a v. ;
|c 24 εκ.
|
| 310 |
|
|
|a Ετήσιο
|b 2012
|
| 362 |
0 |
|
|a 'Αρχισε με το τόμο 10 (2012).
|
| 500 |
|
|
|a
|
| 530 |
|
|
|a
|
| 588 |
|
|
|a
|
| 588 |
|
|
|a Η περιγραφή βασίζεται στο τόμο 16 (2018).
|
| 590 |
|
|
|a
|
| 650 |
|
0 |
|a Παλαιογραφία
|x Περιοδικά
|9 179082
|
| 866 |
|
|
|a Vol. 10 (2012)-vol. 20 (2022)
|
| 942 |
|
|
|2 ddc
|c JNL
|
| 952 |
|
|
|0 0
|1 0
|2 ddc
|4 0
|6 108_000000000000000
|7 1
|9 237602
|a LTRT
|b LTRT
|d 2019-12-04
|l 0
|o 108
|r 2019-12-04 00:00:00
|w 2019-12-04
|y JNL
|z Εργαστήριο Παλαιογραφίας
|
| 998 |
|
|
|c ΙΩΑΝΝΟΥ
|d 2019-12
|
| 999 |
|
|
|c 143658
|d 143658
|